000 00642cam a2200181 a 4500
001 000009850
005 20200929161730.0
008 020729s2001 nq a 001 0 spa
020 _a9992442328
040 _aDO-SdBNP
_cDLC
050 0 0 _aMLCS 2002/04941 (P)
082 _ann*
_bS586t
100 1 _aSilva, Fernando Antonio,
_d1957-
_924773
245 1 0 _aTiempos de lluvia y sol :
_bpoesía 1975-2001 /
_cFernando Antonio Silva.
260 _aManagua :
_bAsociación Noruega de Escritores ;
_bCentro Nicaragûense de Escritores ;
_bAgencia para el Desarrollo,
_c2001.
300 _a194 p. :
_bil. ;
_c21 cm.
910 _aCatalogación por copia / LC
999 _c9609
_d9609